Hegemony and socialist strategy : (Record no. 16340)
[ view plain ]
| 000 -LEADER | |
|---|---|
| fixed length control field | 01008cam a2200265 a 4500 |
| 001 - CONTROL NUMBER | |
| control field | 12408771 |
| 005 - DATE AND TIME OF LATEST TRANSACTION | |
| control field | 20010709162014.0 |
| 008 - FIXED-LENGTH DATA ELEMENTS--GENERAL INFORMATION | |
| fixed length control field | 010515s2001 enk | b 001 0 eng |
| 020 ## - INTERNATIONAL STANDARD BOOK NUMBER | |
| International Standard Book Number | 1859846211 |
| 020 ## - INTERNATIONAL STANDARD BOOK NUMBER | |
| International Standard Book Number | 1859843301 (pbk) |
| 040 ## - CATALOGING SOURCE | |
| Original cataloging agency | DLC |
| Transcribing agency | DLC |
| Modifying agency | DLC |
| 082 00 - DEWEY DECIMAL CLASSIFICATION NUMBER | |
| Classification number | 335.009 |
| Edition number | 21 |
| Item number | LAC |
| 100 1# - MAIN ENTRY--PERSONAL NAME | |
| Personal name | Laclau, Ernesto. |
| 9 (RLIN) | 28401 |
| 245 10 - TITLE STATEMENT | |
| Title | Hegemony and socialist strategy : |
| Remainder of title | towards a radical democratic politics / |
| Statement of responsibility, etc | Ernesto Laclau and Chantal Mouffe. |
| 250 ## - EDITION STATEMENT | |
| Edition statement | 2nd ed. |
| 260 ## - PUBLICATION, DISTRIBUTION, ETC. (IMPRINT) | |
| Place of publication, distribution, etc | London ; |
| -- | New York : |
| Name of publisher, distributor, etc | Verso, |
| Date of publication, distribution, etc | 2001. |
| 300 ## - PHYSICAL DESCRIPTION | |
| Extent | xix, 198 p. ; |
| Dimensions | 19 cm. |
| 504 ## - BIBLIOGRAPHY, ETC. NOTE | |
| Bibliography, etc | Includes bibliographical references and index. |
| 650 #0 - SUBJECT ADDED ENTRY--TOPICAL TERM | |
| Topical term or geographic name as entry element | Socialism |
| General subdivision | Philosophy. |
| 9 (RLIN) | 28402 |
| 653 ## - INDEX TERM--UNCONTROLLED | |
| Resource For college | |
| 700 1# - ADDED ENTRY--PERSONAL NAME | |
| Personal name | Mouffe, Chantal. |
| 9 (RLIN) | 28403 |
| 942 ## - ADDED ENTRY ELEMENTS (KOHA) | |
| Source of classification or shelving scheme | Dewey Decimal Classification |
| Item type | Book - Borrowing |
| Withdrawn status | Item status | Source of classification or shelving scheme | Damaged status | Not for loan | Vendor | Home library | Current library | Shelving location | Date acquired | Source of acquisition | Cost, normal purchase price | Total Checkouts | Full call number | Barcode | Date last seen | Date last borrowed | Koha item type |
|---|---|---|---|---|---|---|---|---|---|---|---|---|---|---|---|---|---|
| Dewey Decimal Classification | Central Library | Central Library | First floor | 15/01/2012 | 50.00 | 3 | 335.009 LAC | 000025852 | 15/07/2025 | 25/11/2013 | Book - Borrowing |